[Event "ch-LTU 2017"]
[Site "masterchessopen.com Vilnius LTU"]
[Date "2017.03.02"]
[Round "8.9"]
[White "Eigminas,Kipras"]
[Black "Grabliauskas,V"]
[Result "0-1"]
[WhiteElo "1815"]
[BlackElo "2367"]

1.e4 c5 2.Nf3 d6 3.g3 Nf6 4.d3 g6 5.Bg2 Bg7 6.O-O O-O 7.h3 Nc6 8.c3 e5 9.Be3
Re8 10.Re1 Bd7 11.Nbd2 Qc7 12.Qc2 Rac8 13.Rac1 Qb8 14.Qb1 Nh5 15.Nf1 b5 16.Kh2
h6 17.Rcd1 b4 18.Qc1 Kh7 19.Ng1 a5 20.Ne2 b3 21.a3 Nd4 22.Bxd4 cxd4 23.Qd2 a4
24.Rc1 Qb6 25.cxd4 d5 26.Ne3 dxe4 27.Nc4 Qa6 28.Nc3 e3 29.fxe3 exd4 30.exd4
Bxd4 31.Ne4 Re6 32.Qb4 Qa7 33.Ncd6 Rxc1 34.Rxc1 Bxb2 35.Nxf7 Bxc1 36.Qf8 Qd4
37.Ne5 Qxe5 {#R} 0-1

[Event "ch-LTU 2017"]
[Site "masterchessopen.com Vilnius LTU"]
[Date "2017.03.02"]
[Round "8.12"]
[White "Bieliauskas,M"]
[Black "Vicas,M"]
[Result "0-1"]
[WhiteElo "2154"]
[BlackElo "2043"]

1.Nf3 Nf6 2.c4 g6 3.Nc3 Bg7 4.e4 c5 5.d4 cxd4 6.Nxd4 d6 7.Be2 O-O 8.O-O Nc6
9.Be3 Bd7 10.Rc1 Rc8 11.f3 a6 12.Qd2 Re8 13.Rfd1 Nxd4 14.Bxd4 Qa5 15.Be3 Be6
16.b3 Nd7 17.Nd5 Qxd2 18.Bxd2 Bxd5 19.exd5 Nc5 20.Be3 a5 21.Bf1 f5 22.Rb1 Ra8
23.Rdc1 Kf7 24.a3 Rec8 25.Bf2 Nd7 26.Bd3 Ne5 27.Be2 Nd7 28.g3 h5 29.h3 Be5
30.f4 Bg7 31.Kg2 Nc5 32.a4 Ne4 33.Be1 b6 34.Bd3 Nc5 35.Bc2 Rc7 36.Bf2 Rac8
37.Kf3 Nxa4 38.Bd1 Nc3 39.Bxb6 Rb7 40.Bxa5 Nxb1 41.Rxb1 Rxc4 42.b4 Rc3+ 43.Kg2
Ra3 44.g4 Rxa5 {#R} 0-1

[Event "ch-LTU 2017"]
[Site "masterchessopen.com Vilnius LTU"]
[Date "2017.03.02"]
[Round "8.13"]
[White "Grybas,G"]
[Black "Koliasnikovas,Aironas"]
[Result "1-0"]
[WhiteElo "2028"]
[BlackElo "1571"]

1.d4 d5 2.c4 c6 3.Nc3 Nf6 4.Nf3 a6 5.g3 dxc4 6.a4 Bf5 7.Bg2 e6 8.Ne5 Bb4
9.Nxc4 Be4 10.f3 Bd5 11.Qb3 Qe7 12.e4 Bxc4 13.Qxc4 O-O 14.O-O Rd8 15.Bg5 e5
16.dxe5 Qxe5 17.Qxb4 Qxg5 18.f4 a5 19.Qxb7 Qc5+ 20.Kh1 Ra7 21.Qb3 Ng4 22.Rad1
Rad7 23.Rxd7 Nxd7 24.Nd1 Nf8 25.Bf3 Nf6 26.Qc3 Qb6 27.Ne3 Ne6 28.Nc4 Qa6 29.b3
Nd4 30.Rd1 c5 31.Bg2 Ng4 32.Rd2 Re8 33.e5 Qg6 34.Bf3 f6 35.Nd6 Nxf3 36.Qxf3
Rb8 37.Qd5+ Kf8 38.Qxc5 Kg8 39.Qd5+ Kf8 40.f5 Qh5 41.e6 Ne3 42.e7+ Kxe7
43.Qe4+ Kf8 44.Qxe3 Qg4 45.Re2 g5 46.Qe7+ Kg8 47.Qf7+ Kh8 48.Qxf6+ Kg8 49.Qe6+
Kh8 50.Nf7+ Kg7 51.f6+ {#r} 1-0

[Event "ch-LTU 2017"]
[Site "masterchessopen.com Vilnius LTU"]
[Date "2017.03.02"]
[Round "8.15"]
[White "Tilvikas,J"]
[Black "Jasiunas,Raimundas"]
[Result "1-0"]
[WhiteElo "1987"]
[BlackElo "1823"]

1.d4 d5 2.Nc3 Bf5 3.f3 Nf6 4.Bf4 e6 5.g4 Bg6 6.e3 Bd6 7.Nge2 h6 8.Qd2 Bb4
9.Bg2 c6 10.h4 Nbd7 11.O-O-O Qa5 12.Kb1 O-O-O 13.a3 Be7 14.e4 dxe4 15.fxe4
Nxg4 16.Nd5 exd5 {#r} 1-0

[Event "ch-LTU 2017"]
[Site "masterchessopen.com Vilnius LTU"]
[Date "2017.03.02"]
[Round "8.17"]
[White "Velioniskis,R"]
[Black "Jablokov,Dmitrij"]
[Result "0-1"]
[WhiteElo "1931"]
[BlackElo "1783"]

1.d4 d5 2.Nf3 c6 3.e3 Nf6 4.Bd3 Bg4 5.Nbd2 e6 6.O-O Be7 7.c4 O-O 8.b3 c5 9.Bb2
Nc6 10.Rc1 cxd4 11.exd4 Rc8 12.Bb1 dxc4 13.bxc4 Qb6 14.Qb3 Rfd8 15.Qxb6 axb6
16.Nb3 Bxf3 17.gxf3 Bd6 18.Rfd1 Bf4 19.Rc3 Rc7 20.Be4 Rcd7 21.Bxc6 bxc6 22.Bc1
Bxc1 23.Rdxc1 Nh5 24.Re1 Nf4 25.a4 Ra7 26.Re4 g5 27.c5 bxc5 28.Nxc5 Rxd4
29.Rxd4 Ne2+ 30.Kg2 Nxd4 31.Rc4 e5 32.Ne4 f5 33.Nc3 Kf7 34.Rb4 Ke6 35.Rb8 Kd6
36.Rd8+ Kc5 37.Re8 Kb4 38.Nd1 Rxa4 39.Rxe5 f4 40.Nb2 Ra2 41.Nd3+ Kc4 42.Ne1
Re2 43.Rxe2 Nxe2 44.h4 h6 45.hxg5 hxg5 46.Kh3 Kc3 47.Kg4 {#R} 0-1

[Event "ch-LTU 2017"]
[Site "masterchessopen.com Vilnius LTU"]
[Date "2017.03.02"]
[Round "8.18"]
[White "Pluta,Paulius"]
[Black "Janulaitis,Albertas"]
[Result "0-1"]
[WhiteElo "1708"]
[BlackElo "1907"]

1.e4 e5 2.Nf3 Nc6 3.d4 exd4 4.Bc4 d6 5.c3 Qe7 6.O-O dxc3 7.Nxc3 Be6 8.Bb5 a6
9.Qa4 Qd7 10.Nd4 Nge7 11.Bxc6 Nxc6 12.f4 Nxd4 13.Qxd4 c5 14.Qd3 f6 15.f5 Bf7
16.Bf4 Be7 17.Qg3 g5 18.Be3 h5 19.Rfd1 h4 20.Qf2 b6 21.Rac1 Rc8 22.e5 fxe5
23.f6 Bf8 24.Ne4 g4 25.b4 g3 26.Qf1 gxh2+ 27.Kh1 c4 28.Bf4 Qf5 29.Re1 h3 30.g3
Bd5 31.Qf3 Kd7 32.Rcd1 exf4 33.g4 Bxe4 34.Rxe4 Qg6 35.Qxf4 c3 36.Rde1 Rh7
37.Qe3 c2 38.Qxb6 Qxe4+ 39.Rxe4 c1=Q+ 40.Kxh2 Qc2+ {#R} 0-1

[Event "ch-LTU 2017"]
[Site "masterchessopen.com Vilnius LTU"]
[Date "2017.03.02"]
[Round "8.19"]
[White "Novikovas,A"]
[Black "Indriunas,Matas"]
[Result "0-1"]
[WhiteElo "1862"]
[BlackElo "1652"]

1.d4 Nf6 2.c4 g6 3.Nc3 Bg7 4.e4 d6 5.f3 O-O 6.Be3 Nc6 7.Nge2 a6 8.Qd2 Rb8
9.Bh6 Bxh6 10.Qxh6 e5 11.Qd2 b5 12.cxb5 axb5 13.d5 Na5 14.b3 b4 15.Nd1 c5
16.dxc6 Nxc6 17.Ne3 Qe7 18.Rc1 Bb7 19.g4 d5 20.Nxd5 Nxd5 21.exd5 Nd4 22.Bg2
Ba6 23.d6 Qh4+ 24.Ng3 Rfd8 25.Kf2 Rxd6 26.Rhe1 Qxh2 27.Qe3 Rf6 28.Rh1 Rxf3+
29.Qxf3 Nxf3 30.Rxh2 Nxh2 31.g5 Ng4+ 32.Ke1 Ne3 33.Bh3 Bd3 34.Kd2 Bf5 35.Kxe3
Bxh3 36.Ne4 Bf5 37.Nf6+ Kg7 38.Rh1 h6 39.Nd5 hxg5 40.Rc1 Be6 41.Nc7 Rb6 42.Ke4
Bd7 43.Rd1 Bg4 44.Rd8 Rc6 45.Nd5 Rc5 46.Kxe5 Be6 {#R} 0-1

[Event "ch-LTU 2017"]
[Site "masterchessopen.com Vilnius LTU"]
[Date "2017.03.02"]
[Round "8.21"]
[White "Juodzevicius,Darius"]
[Black "Mickus,Benas"]
[Result "1-0"]
[WhiteElo "1930"]
[BlackElo "1769"]

1.d4 e6 2.c4 f5 3.Nc3 Nf6 4.Nf3 Bb4 5.Qb3 Bxc3+ 6.Qxc3 b6 7.g3 Bb7 8.Bg2 O-O
9.O-O d6 10.b4 Qe7 11.Bb2 a5 12.a3 Nbd7 13.Rac1 h6 14.Qc2 Ra7 15.c5 Be4 16.Qd2
axb4 17.axb4 bxc5 18.dxc5 dxc5 19.bxc5 Nxc5 20.Bxf6 Rxf6 21.Qb4 {#r} 1-0

[Event "ch-LTU 2017"]
[Site "masterchessopen.com Vilnius LTU"]
[Date "2017.03.02"]
[Round "8.22"]
[White "Barsciauskas,G"]
[Black "Kraujunas,Vladas"]
[Result "0-1"]
[WhiteElo "1598"]
[BlackElo "1860"]

1.c4 e5 2.g3 Nf6 3.Bg2 c6 4.e3 d5 5.cxd5 cxd5 6.d4 e4 7.Ne2 Bg4 8.O-O Nc6
9.Nbc3 Be7 10.h3 Bh5 11.g4 Bg6 12.Nf4 h6 13.Qb3 Na5 14.Qb5+ Kf8 15.a3 a6
16.Qe2 Bh7 17.Qd1 g5 18.Nfe2 Bg6 19.Ng3 h5 20.f3 Qc7 21.Nce2 exf3 22.Bxf3 hxg4
23.hxg4 Rh4 24.Bd2 Nc6 25.Qe1 Kg7 26.Rc1 Rah8 {#R} 0-1

[Event "ch-LTU 2017"]
[Site "masterchessopen.com Vilnius LTU"]
[Date "2017.03.02"]
[Round "8.23"]
[White "Luksas,Jonas"]
[Black "Kusner,Michail"]
[Result "1-0"]
[WhiteElo "1679"]
[BlackElo "1841"]

1.Nf3 e6 2.d4 d5 3.c4 c6 4.e3 f5 5.Nc3 Nf6 6.a3 Nbd7 7.cxd5 exd5 8.Bd3 Ne4
9.Ne5 Nxe5 10.dxe5 Nxc3 11.bxc3 g6 12.O-O Bg7 13.f4 O-O 14.Rb1 b6 15.Qb3 Bb7
16.c4 Kh8 17.cxd5 cxd5 18.Bb2 Rc8 19.Bd4 Qe7 20.a4 Ba8 21.Be2 g5 22.g3 g4
23.Rfd1 h5 24.Bb2 Qb7 25.Bd4 Rc7 26.Bd3 Qc8 27.Qb2 Qe6 28.Rdc1 Rfc8 29.Rxc7
Rxc7 30.Rc1 Qc8 31.Rxc7 Qxc7 32.Qc2 Qxc2 33.Bxc2 Bc6 34.Bxf5 Bxa4 35.Bg6 h4
36.Bh5 hxg3 37.hxg3 Kg8 38.Bxg4 Kf8 39.Be6 Bc6 40.f5 Ke8 41.f6 Bh6 42.Kf2 Kd8
43.Bf7 Kc7 44.e6 a5 45.Be5+ Kb7 46.e7 Bb5 47.Bxd5+ {#r} 1-0

[Event "ch-LTU 2017"]
[Site "masterchessopen.com Vilnius LTU"]
[Date "2017.03.02"]
[Round "8.25"]
[White "Vaskevicius,Augustas"]
[Black "Sarauskas,Andrius"]
[Result "1-0"]
[WhiteElo "1806"]
[BlackElo "1710"]

1.e4 c6 2.Nc3 d5 3.Qe2 e6 4.g3 Nd7 5.exd5 cxd5 6.Nxd5 Nb6 7.Nxb6 Qxb6 8.Qb5+
Qxb5 9.Bxb5+ Bd7 10.Bxd7+ Kxd7 11.Nf3 f6 12.O-O Rc8 13.c3 Ne7 14.Re1 Nc6 15.d4
Bd6 16.Be3 Rcd8 17.Rad1 Kc7 18.d5 exd5 19.Rxd5 Be5 20.Red1 Rxd5 21.Rxd5 Rd8
22.Rxd8 Kxd8 23.Nxe5 fxe5 24.Kg2 Kd7 25.Kf3 a6 26.Ke4 Ke6 27.Bb6 Nb8 28.b4 Nd7
29.Bd8 b5 30.g4 Nb8 31.Bc7 Nd7 32.g5 {#r} 1-0

[Event "ch-LTU 2017"]
[Site "masterchessopen.com Vilnius LTU"]
[Date "2017.03.02"]
[Round "8.26"]
[White "Povilaitis,Tomas"]
[Black "Petraitis,G"]
[Result "0-1"]
[WhiteElo "1607"]
[BlackElo "1925"]

1.e4 e5 2.Nf3 Nc6 3.Bb5 a6 4.Bxc6 dxc6 5.d3 Bd6 6.Nbd2 Bg4 7.Nc4 f6 8.Qe2 Ne7
9.Bd2 c5 10.Ne3 Be6 11.g4 Qd7 12.g5 O-O-O 13.a3 Nc6 14.b4 cxb4 15.axb4 Nxb4
16.O-O Bc5 17.Rfb1 Nc6 18.d4 exd4 19.Rxb7 d3 20.cxd3 Kxb7 21.d4 Nb8 22.dxc5
Qd3 23.Qd1 Bc4 24.Rb1+ Bb5 25.Rb4 Nc6 26.Rb3 Qxe4 27.Nc2 Rd3 28.Na3 Rxb3
29.Qxb3 Qd3 {#R} 0-1

[Event "ch-LTU 2017"]
[Site "masterchessopen.com Vilnius LTU"]
[Date "2017.03.02"]
[Round "8.27"]
[White "Dailidenas,Justas"]
[Black "Kuvsinov,A"]
[Result "1-0"]
[WhiteElo "1510"]
[BlackElo "1804"]

1.e4 e5 2.Nf3 Nc6 3.Bb5 d6 4.d4 exd4 5.Nxd4 Bd7 6.O-O Nf6 7.Nc3 Be7 8.Nxc6
bxc6 9.Bc4 O-O 10.Bf4 Be6 11.Bb3 d5 12.e5 Nd7 13.Ne2 Nc5 14.Nd4 Bd7 15.Be3 Ne6
16.c3 f6 17.exf6 Bxf6 18.c4 Nxd4 19.Bxd4 Be6 20.Re1 Qd7 21.Bxf6 Rxf6 22.cxd5
Bxd5 23.Qd3 Rd8 24.Rac1 Qf7 25.f3 Rfd6 26.Re2 Bxb3 27.Qxb3 Qxb3 28.axb3 Rd1+
29.Rxd1 Rxd1+ 30.Kf2 Kf7 31.Rc2 Rd6 32.f4 Ke6 33.Ke3 Kd5 34.f5 Ke5 35.g4 Kd5
36.b4 Rh6 37.Kf4 Rh3 38.g5 Rh4+ 39.Kg3 Rxb4 40.f6 gxf6 41.gxf6 h6 42.Re2 Rb8
43.Kf4 Rg8 44.h4 c5 45.Kf5 Rg1 46.f7 Rf1+ 47.Kg6 Kc4 48.Kg7 Rg1+ 49.Kxh6 Rf1
{#r} 1-0

[Event "ch-LTU 2017"]
[Site "masterchessopen.com Vilnius LTU"]
[Date "2017.03.02"]
[Round "8.28"]
[White "Bagvilas,Lukas"]
[Black "Jeriominas,Jurijus"]
[Result "1-0"]
[WhiteElo "1740"]
[BlackElo "1456"]

1.e4 e6 2.d4 d5 3.Nc3 Bb4 4.a3 Bxc3+ 5.bxc3 dxe4 6.Qg4 g6 7.Qxe4 Qd5 8.Qf4 Qd6
9.Nf3 Qxf4 10.Bxf4 c6 11.Bd3 Nd7 12.O-O Ne7 13.c4 f6 14.Rfe1 Kf7 15.Rab1 Nb8
16.c3 Rd8 17.Bf1 Rd7 18.Rb4 g5 19.Bg3 Nf5 20.a4 Nxg3 21.hxg3 Rd8 22.a5 Nd7
23.Bd3 Nf8 24.Bc2 h6 25.Re2 Rb8 26.c5 Re8 27.Nd2 b6 28.axb6 axb6 29.cxb6 Ba6
30.Re1 Nd7 31.Ne4 Ke7 32.Nc5 Nxc5 33.dxc5 Red8 34.Bb3 e5 35.f4 Rd3 36.fxe5
Rxc3 37.exf6+ Kxf6 38.Re6+ Kf5 39.g4# 1-0

[Event "ch-LTU 2017"]
[Site "masterchessopen.com Vilnius LTU"]
[Date "2017.03.02"]
[Round "8.35"]
[White "Leclere,Daniel"]
[Black "Balanda,Audrius"]
[Result "1-0"]
[WhiteElo "1418"]
[BlackElo "1635"]

1.e4 e5 2.Nf3 d6 3.d4 exd4 4.Nxd4 Nf6 5.Nc3 Bd7 6.Bc4 Nc6 7.Nxc6 Bxc6 8.O-O
Be7 9.Re1 O-O 10.Bf4 Re8 11.e5 dxe5 12.Bxe5 Qxd1 13.Raxd1 Rac8 14.Bb5 Bb4
15.Bxc6 bxc6 16.a3 Ng4 17.Bxc7 Bxc3 18.bxc3 Rxe1+ 19.Rxe1 g6 20.Bf4 Nf6 21.c4
Nh5 22.Be3 Rc7 23.Rd1 Kf8 24.Bc5+ Ke8 25.Re1+ Kd8 26.g4 Nf6 27.Rd1+ Kc8 28.f3
Nd7 29.Bd6 Rb7 30.Re1 Nf6 31.g5 Rd7 32.c5 Ng8 33.Re8+ Rd8 34.Rxd8+ Kxd8 35.Kf2
f6 36.f4 fxg5 37.fxg5 h6 38.h4 hxg5 39.hxg5 Ne7 40.Bxe7+ Kxe7 41.Ke3 a6 42.Ke4
Ke6 43.c3 a5 44.a4 {#r} 1-0

[Event "ch-LTU 2017"]
[Site "masterchessopen.com Vilnius LTU"]
[Date "2017.03.02"]
[Round "8.39"]
[White "Viliamas,Dovydas"]
[Black "Girdziusas,Kestutis"]
[Result "1-0"]
[WhiteElo "1176"]
[BlackElo "1409"]

1.d4 Nf6 2.Nf3 d6 3.e3 g6 4.b3 Bg7 5.Bb2 O-O 6.c4 b6 7.Be2 c5 8.dxc5 bxc5
9.Nc3 Bb7 10.Qc2 Nc6 11.a3 a6 12.Rd1 Ne8 13.Ne4 Qc7 14.Bxg7 Kxg7 15.Qc3+ e5
16.O-O Ne7 17.Bd3 f5 18.Nxd6 Bxf3 19.Nxe8+ Raxe8 20.gxf3 Kg8 21.b4 cxb4
22.axb4 Nd5 23.Qb3 Nf6 24.c5+ Kg7 25.Bxa6 Qc6 26.Be2 Rb8 27.Rc1 e4 28.f4 g5
29.fxg5 Ng4 30.Qc3+ Kg6 31.Bxg4 fxg4 32.Rfd1 Rbd8 33.Rxd8 Rxd8 34.Qf6+ Qxf6
35.gxf6 Kxf6 36.c6 Ke6 37.b5 Rc8 38.b6 Kd6 39.b7 Rb8 40.c7 {#r} 1-0

[Event "ch-LTU 2017"]
[Site "masterchessopen.com Vilnius LTU"]
[Date "2017.03.03"]
[Round "9.3"]
[White "Klabis,R"]
[Black "Sakalauskas,V"]
[Result "1-0"]
[WhiteElo "2252"]
[BlackElo "2357"]

1.e4 d6 2.d4 Nf6 3.Nc3 c6 4.f4 Qa5 5.Bd3 e5 6.Nf3 Bg4 7.Be3 Nbd7 8.O-O Be7
9.h3 Bh5 10.Qe1 Bxf3 11.Rxf3 Bd8 12.a3 b5 13.b4 Qc7 14.a4 bxa4 15.b5 c5
16.fxe5 dxe5 17.dxc5 Nxc5 18.Nxa4 Nxd3 19.cxd3 O-O 20.Nc3 Be7 21.Ra6 Rfc8
22.Rfxf6 Bxf6 23.Nd5 Qb7 24.Rxf6 gxf6 25.Qh4 Qxb5 26.Bh6 {#r} 1-0

[Event "ch-LTU 2017"]
[Site "masterchessopen.com Vilnius LTU"]
[Date "2017.03.03"]
[Round "9.4"]
[White "Juknis,P"]
[Black "Vaicekauskas,G"]
[Result "0-1"]
[WhiteElo "2222"]
[BlackElo "2228"]

1.e4 e5 2.Nf3 Nc6 3.d4 exd4 4.Nxd4 Nf6 5.Nxc6 bxc6 6.e5 Qe7 7.Qe2 Nd5 8.c4 Ba6
9.Nd2 g6 10.Nf3 Bg7 11.Bg5 Qb4+ 12.Qd2 Qxd2+ 13.Kxd2 Nb6 14.b3 O-O 15.Re1 Rfe8
16.Bd3 Bb7 17.Re2 a5 18.a4 Nc8 19.Rhe1 c5 20.Be4 Bxe4 21.Rxe4 Na7 22.Kc2 Nc6
23.Bf4 Rab8 24.e6 dxe6 25.Bxc7 Rb7 26.Bg3 Rd8 27.Rb1 Nb4+ 28.Kc1 Rbd7 {#R} 0-1

[Event "ch-LTU 2017"]
[Site "masterchessopen.com Vilnius LTU"]
[Date "2017.03.03"]
[Round "9.6"]
[White "Grabliauskas,V"]
[Black "Martinkus,R"]
[Result "1-0"]
[WhiteElo "2367"]
[BlackElo "2198"]

1.d4 d6 2.e4 g6 3.Nf3 Bg7 4.Bc4 e6 5.Bb3 Nd7 6.O-O b5 7.a4 bxa4 8.Bxa4 Ne7
9.Qe2 O-O 10.Rd1 Bb7 11.Nc3 a6 12.Bf4 h6 13.h3 Qc8 14.Qe3 Kh7 15.Bh2 Nb6
16.Bb3 d5 17.Be5 f6 18.Bh2 Qd7 19.Na4 Nxa4 20.Bxa4 Qc8 21.exd5 Bxd5 22.Bb3 Rf7
23.c4 Nf5 24.Qc3 Bxf3 25.Qxf3 c5 26.dxc5 e5 27.Ba4 Rb8 28.Qd5 Qf8 29.Bd7 Rxd7
30.Qxd7 Qxc5 31.Qd5 Qb6 32.Rd2 Rc8 33.Rc1 Rc5 34.Qd8 Qb4 35.Qd3 a5 36.Qe2 h5
37.g4 hxg4 38.hxg4 Nh4 39.Rd7 {#r} 1-0

[Event "ch-LTU 2017"]
[Site "masterchessopen.com Vilnius LTU"]
[Date "2017.03.03"]
[Round "9.8"]
[White "Laurusas,T"]
[Black "Grybas,G"]
[Result "1-0"]
[WhiteElo "2433"]
[BlackElo "2028"]

1.c4 Nf6 2.g3 c6 3.Bg2 d5 4.Nf3 Bf5 5.O-O e6 6.b3 h6 7.Bb2 Be7 8.d3 O-O 9.Nbd2
Nbd7 10.Re1 Ne8 11.e4 dxe4 12.dxe4 Bh7 13.Qe2 Nc5 14.Bd4 Nf6 15.Red1 Qc7
16.Ne5 Rfd8 17.Qe3 Nfd7 18.Nxd7 Nxd7 19.e5 Nb6 20.Ne4 Bxe4 21.Bxe4 Rd7 22.Bc3
Rxd1+ 23.Rxd1 Rd8 24.Rb1 Nd7 25.Bc2 c5 26.h4 Nf8 27.Qe4 Rd7 28.Kg2 Qc6 29.Qxc6
bxc6 30.Be4 Rc7 31.Ba5 Rc8 32.Rd1 f5 33.exf6 gxf6 34.f4 Kf7 35.Rd3 Kg7 36.Kf1
Kf7 37.Ke2 Kg7 38.f5 e5 39.Kf3 Kf7 40.Bd2 Kg7 41.Kg4 Kh7 42.Kh5 {#r} 1-0

[Event "ch-LTU 2017"]
[Site "masterchessopen.com Vilnius LTU"]
[Date "2017.03.03"]
[Round "9.16"]
[White "Rositsan,B"]
[Black "Paknys,Mindaugas"]
[Result "1-0"]
[WhiteElo "2097"]
[BlackElo "1836"]

1.e4 e6 2.d4 d5 3.Nc3 Bb4 4.e5 c5 5.Bd2 Ne7 6.Nb5 Bxd2+ 7.Qxd2 O-O 8.c3 Nbc6
9.Nd6 f6 10.f4 fxe5 11.fxe5 cxd4 12.cxd4 Qb6 13.Nf3 Ng6 14.O-O-O Na5 15.Ng5
Qc6+ 16.Kb1 Nc4 17.Bxc4 dxc4 18.Qc2 Bd7 19.h4 Qa4 20.Qxa4 Bxa4 21.Nxe6 Rf2
22.Rdf1 Rxg2 23.Rhg1 Rxg1 24.Rxg1 Bd7 25.Nc5 Bc6 26.h5 Nf4 27.Nf5 Nxh5 28.d5
Be8 29.Ne7+ Kf7 30.d6 Nf4 31.Rf1 g5 32.e6+ Kf6 33.Nd5+ Ke5 34.Nxf4 Kxd6
35.Ne4+ Ke5 36.Nxg5 Bc6 37.Nf7+ Ke4 38.e7 b5 39.Nd8 Be8 40.Nde6 c3 41.Nc7 c2+
42.Kc1 {#r} 1-0

[Event "ch-LTU 2017"]
[Site "masterchessopen.com Vilnius LTU"]
[Date "2017.03.03"]
[Round "9.17"]
[White "Narmontas,R"]
[Black "Vaskevicius,Augustas"]
[Result "1-0"]
[WhiteElo "2001"]
[BlackElo "1806"]

1.e4 e5 2.Nf3 Nf6 3.Nxe5 d6 4.Nf3 Nxe4 5.Nc3 Nf6 6.d4 Be7 7.Bd3 O-O 8.h3 Re8
9.Be3 Nc6 10.a3 a6 11.Qd2 b5 12.O-O Na5 13.d5 c5 14.dxc6 Nxc6 15.Bg5 Ne5
16.Be2 Bb7 17.Nd4 Ne4 18.Nxe4 Bxe4 19.Bf4 Bf6 20.f3 Bg6 21.Rfd1 Rc8 22.c3 Nc4
23.Bxc4 Rxc4 24.Qf2 Qb6 25.Be3 Qb8 26.Ne2 a5 27.Nf4 b4 28.axb4 axb4 29.Nd5 Bd8
30.cxb4 Re5 31.Qd2 Rc2 32.Qd4 h6 33.Rd2 Rxd2 34.Qxd2 Qb7 35.Rd1 Qb5 36.Kh2 Kf8
37.Nf4 Be7 38.Bd4 Rg5 39.Re1 {#r} 1-0

[Event "ch-LTU 2017"]
[Site "masterchessopen.com Vilnius LTU"]
[Date "2017.03.03"]
[Round "9.18"]
[White "Sciupokas,A"]
[Black "Luksas,Jonas"]
[Result "1-0"]
[WhiteElo "1971"]
[BlackElo "1679"]

1.e4 c5 2.c3 Nf6 3.e5 Nd5 4.d4 e6 5.Nf3 Nc6 6.c4 Nb6 7.d5 Nd4 8.Nxd4 cxd4
9.Qxd4 d6 10.Nc3 dxe5 11.Qxe5 Qd6 12.Qxd6 Bxd6 13.Be2 O-O 14.O-O exd5 15.cxd5
Bf5 16.Be3 Nd7 17.g4 Bg6 18.f4 f5 19.g5 a6 20.Bf3 Rfe8 21.Bd2 Re7 22.Rae1 Rae8
23.Rxe7 Rxe7 24.Kg2 Nc5 25.b3 b5 26.Kg3 Bf7 27.Re1 Rxe1 28.Bxe1 b4 29.Ne2 Ne4+
30.Bxe4 fxe4 31.Nd4 Bxd5 32.Nf5 Bc5 33.Bf2 Bxf2+ 34.Kxf2 Kf7 35.Ke3 a5 36.Kd4
Be6 37.Nd6+ Ke7 38.Nxe4 a4 39.bxa4 Bxa2 40.a5 b3 41.Kc3 b2 42.Kxb2 Bd5 43.Ng3
Kd6 44.Nh5 g6 45.Nf6 Kc5 46.Nxd5 Kxd5 47.Kc3 Kc5 48.h4 Kb5 49.Kd4 Kxa5 50.Ke5
{#r} 1-0

[Event "ch-LTU 2017"]
[Site "masterchessopen.com Vilnius LTU"]
[Date "2017.03.03"]
[Round "9.20"]
[White "Velioniskis,R"]
[Black "Feofanov,Boris"]
[Result "1-0"]
[WhiteElo "1931"]
[BlackElo "1711"]

1.d4 Nf6 2.Nf3 e6 3.e3 b6 4.Bd3 Bb7 5.O-O Be7 6.Nbd2 d6 7.e4 O-O 8.c3 Nbd7
9.Re1 c5 10.Nf1 h6 11.Bc2 Re8 12.h3 Nh7 13.Bf4 Ndf8 14.Qd3 Ng6 15.Bh2 Ng5
16.Nxg5 Bxg5 17.Qf3 e5 18.Ng3 Bf4 19.Nf5 Bxh2+ 20.Kxh2 Re6 21.Bb3 Rf6 22.Qg4
Kh7 23.h4 Qf8 24.dxc5 dxc5 25.Rad1 Bc8 26.Qg3 Bxf5 27.exf5 Rxf5 28.Bc2 Qc8
29.Bxf5 Qxf5 30.Rd2 Qh5 31.Kg1 f6 32.Rd7 Qxh4 33.Qf3 Rc8 34.Qf5 h5 35.Re4 Qg5
36.Qxg5 {#r} 1-0

[Event "ch-LTU 2017"]
[Site "masterchessopen.com Vilnius LTU"]
[Date "2017.03.03"]
[Round "9.21"]
[White "Petraitis,G"]
[Black "Dailidenas,Justas"]
[Result "1-0"]
[WhiteElo "1925"]
[BlackElo "1510"]

1.Nf3 c5 2.g3 Nc6 3.Bg2 Nf6 4.O-O e6 5.c4 d5 6.cxd5 Nxd5 7.Nc3 Be7 8.d3 O-O
9.Bd2 Re8 10.a3 Bf8 11.Rc1 Nce7 12.e4 Nxc3 13.Bxc3 b6 14.d4 cxd4 15.Nxd4 Bb7
16.Nb5 Qxd1 17.Rfxd1 Red8 18.Rxd8 Rxd8 19.Nxa7 Ba6 20.Bf1 Bb7 21.f3 Ra8 22.Nb5
Nc6 23.Rd1 e5 24.Kg2 Bc5 25.Bc4 Bc8 26.Nd6 Be6 27.Bxe6 fxe6 28.Nc4 Bd4 29.Bxd4
exd4 30.f4 b5 31.Nd6 b4 32.axb4 Rd8 33.e5 Nxb4 34.Rxd4 Nd5 35.f5 Nc7 36.Rc4
{#r} 1-0

[Event "ch-LTU 2017"]
[Site "masterchessopen.com Vilnius LTU"]
[Date "2017.03.03"]
[Round "9.22"]
[White "Pilipuitis,Mantas"]
[Black "Novikovas,A"]
[Result "1-0"]
[WhiteElo "1433"]
[BlackElo "1862"]

1.e4 c5 2.Nf3 e6 3.d4 cxd4 4.Nxd4 Bc5 5.Nb3 Be7 6.Nc3 a6 7.a4 Nc6 8.Be3 Nf6
9.f4 d6 10.Be2 Bd7 11.O-O O-O 12.Qe1 Nb4 13.Rc1 Rc8 14.Qg3 d5 15.e5 Ne8 16.Bd3
g6 17.a5 Ng7 18.Bb6 Qe8 19.Qf2 Nxd3 20.cxd3 Bc6 21.Nd4 Qd7 22.g4 f6 23.exf6
Bxf6 24.Nf3 Bxc3 25.bxc3 Rxf4 26.Qg3 Rcf8 27.Bc5 R8f7 28.Be3 Rxf3 29.Rxf3 Rxf3
30.Qxf3 d4 31.Qf4 dxe3 32.Rf1 h6 33.Qf8+ Kh7 34.Rf7 Qxf7 35.Qxf7 Bb5 36.c4 Bc6
37.Kf1 {#r} 1-0

[Event "ch-LTU 2017"]
[Site "masterchessopen.com Vilnius LTU"]
[Date "2017.03.03"]
[Round "9.31"]
[White "Kuvsinov,A"]
[Black "Pocius,Ricardas Povilas"]
[Result "1-0"]
[WhiteElo "1804"]
[BlackElo "1484"]

1.e4 c5 2.Nf3 b6 3.c4 Nc6 4.Nc3 e6 5.d3 a6 6.Be2 Nd4 7.Nxd4 cxd4 8.Nb1 Bb7
9.O-O Qc7 10.f4 Bc5 11.a3 a5 12.Nd2 Ne7 13.Qe1 f5 14.Bf3 O-O 15.e5 Ng6 16.Bxb7
Qxb7 17.Nf3 b5 18.b3 b4 19.a4 Rae8 20.h4 h6 21.g3 Ne7 22.h5 Nc6 23.Ra2 Rf7
24.Rg2 Kh7 25.Kh2 Rg8 26.Qe2 Be7 27.Rfg1 Kh8 28.Qf1 Kh7 29.Rf2 Kh8 30.Qh3 Kh7
31.g4 fxg4 32.Qxg4 Rf5 33.Rfg2 Bf8 34.Nh4 Ne7 35.Nxf5 Nxf5 36.Qg6+ Kh8 37.Qg4
Be7 38.Qe2 Qc7 39.Bd2 Kh7 40.Be1 Qd8 41.Bf2 Qc7 42.Qg4 Qc5 43.Kh3 Kh8 44.Qf3
Kh7 45.Qb7 Qc6 46.Qxc6 dxc6 {#r} 1-0

[Event "ch-LTU 2017"]
[Site "masterchessopen.com Vilnius LTU"]
[Date "2017.03.03"]
[Round "9.32"]
[White "Boyajyan,David"]
[Black "Voronov,Va"]
[Result "0-1"]
[WhiteElo "1601"]
[BlackElo "1799"]

1.Nf3 d5 2.b3 c5 3.e3 Nf6 4.Bb2 e6 5.Bb5+ Nbd7 6.O-O Bd6 7.d3 O-O 8.Bxd7 Nxd7
9.Nbd2 f5 10.e4 fxe4 11.dxe4 d4 12.Re1 e5 13.Nc4 Qe7 14.a4 Nf6 15.h3 b6 16.Bc1
Ba6 17.Bg5 Bxc4 18.Bxf6 Qxf6 19.bxc4 Rf7 20.a5 Bc7 21.a6 Raf8 22.Qd2 Qg6
23.Qg5 Qe6 24.Ra4 Rf4 25.Qg3 R8f6 26.Rf1 Rg6 27.Ng5 Qe7 28.h4 h6 29.Qh3 hxg5
30.h5 g4 31.Qd3 Rh6 {#R} 0-1

[Event "ch-LTU 2017"]
[Site "masterchessopen.com Vilnius LTU"]
[Date "2017.03.03"]
[Round "9.33"]
[White "Venckevicius,Justas"]
[Black "Zilakauskis,Steponas"]
[Result "1-0"]
[WhiteElo "1497"]
[BlackElo "1619"]

1.e4 e6 2.d4 d5 3.Nc3 dxe4 4.Nxe4 Nd7 5.Bd3 Ngf6 6.Qe2 Nxe4 7.Bxe4 c5 8.Be3
Nf6 9.Qd3 Nxe4 10.Qxe4 Qb6 11.O-O-O Bd7 12.dxc5 Qc7 13.Ne2 Bc6 14.Qg4 e5 15.f3
Bd7 16.Qc4 f5 17.Qc3 f4 18.Bf2 g5 19.h4 Be7 20.Rd5 O-O-O 21.Qxe5 Qa5 22.c6 Qb4
23.cxd7+ Rxd7 24.Qxh8+ Kc7 25.Rxd7+ Kxd7 26.Rd1+ Ke6 27.Nd4+ Kf7 28.Qxh7+ Ke8
29.Nf5 Bf6 30.Nd6+ Kd8 31.Ne4+ Kc8 32.Qd7+ Kb8 33.Nxf6 Qf8 34.Qd8+ {#r} 1-0

[Event "ch-LTU 2017"]
[Site "masterchessopen.com Vilnius LTU"]
[Date "2017.03.03"]
[Round "9.34"]
[White "Jeriominas,Jurijus"]
[Black "Povilaitis,Tomas"]
[Result "0-1"]
[WhiteElo "1456"]
[BlackElo "1607"]

1.d4 Nf6 2.c4 e6 3.Nf3 c5 4.d5 b5 5.e3 Bb7 6.dxe6 fxe6 7.Be2 bxc4 8.Bxc4 d5
9.Bb5+ Nbd7 10.O-O Bd6 11.h3 O-O 12.b3 Ne5 13.Ng5 Qe7 14.Bb2 h6 15.f4 Neg4
16.hxg4 hxg5 17.Nd2 gxf4 18.exf4 Ne4 19.Nxe4 dxe4 20.g3 Rad8 21.Qe2 c4 22.Bxc4
Bc5+ 23.Kh2 Kf7 24.f5 Rh8+ 25.Kg2 e3+ 26.Kg1 Rh1# 0-1